The appraiser, auctioneer, broker, house and estate agent, and valuer`s pocket assistant (Record no. 87296)

MARC details
000 -LEADER
fixed length control field 00505cam a2200193 4500
001 - CONTROL NUMBER
control field D14430
008 - FIXED-LENGTH DATA ELEMENTS--GENERAL INFORMATION
fixed length control field 090401t1893 xxu||||| |||| 00| 0 eng d
035 ## - SYSTEM CONTROL NUMBER
System control number (Sirsi) u15665
041 ## - LANGUAGE CODE
Language code of text/sound track or separate title eng
100 ## - MAIN ENTRY--PERSONAL NAME
Personal name Wheeler, John
245 #4 - TITLE STATEMENT
Title The appraiser, auctioneer, broker, house and estate agent, and valuer`s pocket assistant
250 ## - EDITION STATEMENT
Edition statement 6th rev
260 ## - PUBLICATION, DISTRIBUTION, ETC.
Place of publication, distribution, etc. London
Name of publisher, distributor, etc. Crosby Lockwood & Son
Date of publication, distribution, etc. 1893
350 ## - PRICE (NR) (BK AM CF MU VM SE) [OBSOLETE]
Price 0
520 ## - SUMMARY, ETC.
Summary, etc. Shelf 137
700 ## - ADDED ENTRY--PERSONAL NAME
Personal name Norris, C.
942 ## - ADDED ENTRY ELEMENTS (KOHA)
Suppress in OPAC 0
948 ## - LOCAL PROCESSING INFORMATION (OCLC); SERIES PART DESIGNATOR (RLIN)
c (OCLC) 04/03/1997
Holdings
Withdrawn status Lost status Source of classification or shelving scheme Damaged status Not for loan Home library Current library Shelving location Date acquired Total Checkouts Barcode Date last seen Copy number Price effective from Koha item type
    Dewey Decimal Classification     London London Basement 14/09/1999   30015270 06/08/2019 1 06/08/2019 Reference material